| 000 | 00935nam a2200253 i 4500 | ||
|---|---|---|---|
| 001 | 105633 | ||
| 003 | ES-MaACL | ||
| 005 | 20230906183934.0 | ||
| 007 | t| | ||
| 008 | 060731s1948 ag ||||1| spa d | ||
| 080 | _a929 Leiva, José E. | ||
| 080 | _a343.811(460)"1939/55" | ||
| 080 | _a94(460)"1939/75"(093.3) | ||
| 100 | 1 |
_aLeiva, José E. _971410 |
|
| 245 | 1 | 0 |
_aEn nombre de Dios, de España y de Franco : _bmemorias de un condenado a muerte / _cJosé E. Leiva ; prólogo de Fernando Valera. |
| 260 |
_aBuenos Aires : _bUnión Socialista Libertaria, _c1948. |
||
| 300 |
_a221 p. ; _c21 cm. |
||
| 600 | 1 | 4 |
_aLeiva, José E. _971410 |
| 650 | 4 |
_aEstablecimientos penitenciarios- _zEspaña- _y1939-1975. _912515 |
|
| 700 | 1 |
_aValera, Fernando, _d1899-1982 _9112637 |
|
| 710 | 2 |
_aUnión Socialista Libertaria (Buenos Aires) _9172575 |
|
| 852 |
_aES-MaACL _jAND-436 _z- Biblioteca Juan Andrade |
||
| 999 |
_c105633 _d105633 |
||